00547nam a2200169 a 450000100100000000500170001000800410002704000250006808200190009310000220011224501110013426000490024530000210029470000160031570000220033170000240035300003706920200930080124.0120209s1981 ag 000 0 spa d aDO-SdBNPbspacBNPHU axxxxxxbxxxxxx1 aJ. Farley, Philip10aArmas a través del océano /cPhilip J. Farley, Stephen S. y William H. Lewis ; traductor Luis F. Coco. aArgentina, :bEdiciones tres tiempos,c1981. a169 p. ;c20 cm.1 aS., Stephen1 aH. Lewis, William1 aCoco, Luis F.,etr.